Normal view
MARC view
- DDC-22
Entry Topical Term
001 - CONTROL NUMBER
- control field: 63522
003 - CONTROL NUMBER IDENTIFIER
- control field: NUST
005 - DATE AND TIME OF LATEST TRANSACTION
- control field: 20210628203131.0
008 - FIXED-LENGTH DATA ELEMENTS
- fixed length control field: 210628|| aca||aabn | a|a d
040 ## - CATALOGING SOURCE
- Original cataloging agency: NUST
- Transcribing agency: NUST
150 ## - HEADING--TOPICAL TERM
- Topical term or geographic name entry element: DDC-22
670 ## - SOURCE DATA FOUND
- Source citation: Work cat.: (NUST): Dewey , Melvil 36998, Dewey decimal classification and relative indes, ddc 22, 2003
